| 000 | 01069nam a2200241Ia 4500 | ||
|---|---|---|---|
| 999 |
_c40313 _d40313 |
||
| 001 | 6921 | ||
| 003 | GE_BSU | ||
| 005 | 20200219103244.0 | ||
| 008 | 181216s2012||||ge |||||||||||||| ||geo|| | ||
| 020 | _a9789941920196 | ||
| 040 | _cGE_BSU | ||
| 041 | _ageo | ||
| 080 | _a821.133.1-31 დ-15 | ||
| 100 |
_aდავრიშევი, ქეთევან. _95314 |
||
| 245 |
_aშავი ზღვა : _bრომანი / _cქეთევან დავრიშევი ; ფრანგ. თარგმ. ცისანა ბიბილეიშვილმა ; რედ. თამარ გელოვანი. |
||
| 264 |
_aთბილისი : _bუსტარი, _c2012. |
||
| 300 |
_a204 გვ.; _c20 სმ. |
||
| 653 | _aშავი ზღვა | ||
| 653 | _aრომანი | ||
| 700 |
_a ბიბილეიშვილმა, ცისანა _eფრანგულიდან თარგმნა _97141 |
||
| 700 |
_aგელოვანი, თამარ _eრედაქტორი _97142 |
||
| 942 |
_cBK _2udc |
||